| 000 | 01482nam2a2200241 4500 | ||
|---|---|---|---|
| 001 | RU\NLR\BIBL_A\022775984 | ||
| 005 | 20260412095343.0 | ||
| 035 | _a(NLR Aleph) 022775984 | ||
| 090 |
_a13654486 _c13654486 |
||
| 100 | _a20260406d2025 u y0rusy50 ca | ||
| 101 | 0 | _arus | |
| 102 | _aRU | ||
| 200 | 1 |
_aРекомендации по лечению ВИЧ-инфекции и связанных с ней заболеваний, химиопрофилактике заражения ВИЧ _fНациональная ассоциация специалистов по инфекционным болезням имени академика В. И. Покровского |
|
| 210 | _d2025 | ||
| 461 | 0 |
_1001RU\NLR\Per\845040 _12001#$aЭпидемиология и инфекционные болезни$dEpidemiology and infectious diseases$eактуальные вопросы$eнаучно-практический журнал$zeng$vТ. 15, № 4 [прил.] _93064358 _cМосква _d2011 - _lEpidemiology and infectious diseases _nБионика _oактуальные вопросы : научно-практический журнал _tЭпидемиология и инфекционные болезни _x2226-6976 _vТ. 15, № 4 [прил.] |
|
| 606 | 1 |
_aВИЧ-инфекция _xТерапия _92379276 _3RU\NLR\AUTH\661419663 |
|
| 686 | 1 | _aР517.87-5 | |
| 686 | 1 | _aР11(2)285.1 | |
| 852 |
_aNLR _jП17/1510 |
||
| 942 | _cISSUE | ||
| 980 | _aRUSPER | ||
| 980 | _aNB | ||